| 000 | 00000nam 2200000za 4500 |
| 001 | 9.801781 |
| 003 | CaOODSP |
| 005 | 20240723154849 |
| 007 | cr ||||||||||| |
| 008 | 150707s2015 onc|||||o f00| 0 fre d |
| 020 | |a978-0-660-02792-0 |
| 040 | |aCaOODSP|bfre |
| 043 | |an-cn--- |
| 086 | 1 |aEn3-4/35-1-2015F-PDF |
| 245 | 00|aRapport sur les progrès de la mise en œuvre du programme de rétablissement de l'ormeau nordique (Haliotis kamtschatkana) au Canada pour la période 2007-2012 |h[ressource électronique]. |
| 260 | |a[Ottawa] : |bPêches et Océans Canada, |cc2015. |
| 300 | |avi, 32 p. : |btableau. |
| 490 | 1 |aLoi sur les espèces en péril, série de programmes de rétablissement |
| 500 | |aPublié aussi en anglais sous le titre : Report on the progress of recovery strategy implementation for Northern Abalone (Haliotis kamtschatkana) in Canada for the period 2007-2012. |
| 504 | |aComprend des références bibliographiques. |
| 692 | 07|2gccst|aEspèce menacée |
| 710 | 1 |aCanada. |bMinistère des pêches et des océans. |
| 775 | 08|tReport on the progress of recovery strategy implementation for Northern Abalone (Haliotis kamtschatkana) in Canada for the period 2007-2012 |w(CaOODSP)9.801780 |
| 794 | |tRapport sur les progrès de la mise en œuvre du programme de rétablissement et du plan d'action pour l'ormeau nordique (Haliotis kamtschatkana) au Canada pour la période 2013 à 2021.|w(CaOODSP)9.940930 |
| 830 | #0|aLoi sur les espèces en péril, série de programmes de rétablissement.|w(CaOODSP)9.501470 |
| 856 | 40|qPDF|s761 Ko|uhttps://publications.gc.ca/collections/collection_2015/mpo-dfo/En3-4-35-1-2015-fra.pdf |